[Event "ONJK 2017 D"]
[Site "Borne"]
[Date "2017.08.07"]
[Round "1.1"]
[White "Van der Noordaa, Joost"]
[Black "De Rycke, Tyani"]
[Result "0-1"]
[WhiteElo "951"]
[BlackElo "1603"]
[PlyCount "88"]
[EventDate "2017.08.??"]

1. c4 e5 2. Nc3 Nc6 3. g3 g6 4. d3 Bg7 5. Bg2 d6 6. Bd2 Be6 7. e3 Nge7 8. Nge2
O-O 9. O-O f5 10. Qc2 Qd7 11. Rad1 Rad8 12. a3 d5 13. Nxd5 Nxd5 14. cxd5 Bxd5
15. Bxd5+ Qxd5 16. Bc1 Rd7 17. Rd2 Rfd8 18. Nc3 Qe6 19. Rfd1 Na5 20. Re2 Qb3
21. Qxb3+ Nxb3 22. Rc2 Rxd3 23. Rxd3 Rxd3 24. Nb5 Rd1+ 25. Kg2 Rxc1 26. Rxc1
Nxc1 27. Nxc7 e4 28. b4 Bb2 29. a4 Nd3 30. b5 Nc5 31. a5 Bc3 32. a6 bxa6 33.
bxa6 Be5 34. Nb5 Bb8 35. f3 exf3+ 36. Kxf3 Nxa6 37. e4 fxe4+ 38. Kxe4 Nc7 39.
Nxc7 Bxc7 40. Kd4 Kf7 41. Kc4 Kf6 42. Kd3 a5 43. Kc4 Kg5 44. h4+ Kg4 0-1

[Event "ONJK 2017 D"]
[Site "Borne"]
[Date "2017.08.07"]
[Round "1.2"]
[White "Casur, Jan"]
[Black "Torensma, Dylan"]
[Result "1-0"]
[WhiteElo "1526"]
[BlackElo "916"]
[PlyCount "97"]
[EventDate "2017.08.??"]

1. e4 e5 2. Nf3 Nc6 3. Bc4 Bc5 4. O-O d6 5. d3 Bg4 6. c3 Nf6 7. Be3 Bxe3 8.
fxe3 O-O 9. Nbd2 Re8 10. Qc2 Na5 11. Bb3 c6 12. d4 Nxb3 13. axb3 Qc7 14. c4 a6
15. Rac1 Rac8 16. b4 b5 17. cxb5 axb5 18. dxe5 dxe5 19. Nb3 Nd7 20. Nc5 Nxc5
21. Qxc5 f6 22. h3 Bxf3 23. Rxf3 Re6 24. Rf2 Qd6 25. Rfc2 Qxc5 26. Rxc5 Kf7 27.
Rxb5 cxb5 28. Rxc8 Rb6 29. Rc5 Rb7 30. Kf2 h6 31. h4 Ke8 32. g4 Ke7 33. g5 hxg5
34. hxg5 Kd6 35. gxf6 gxf6 36. Kg3 Ke7 37. Kg4 Rb6 38. Kf5 Kd8 39. Kg6 Kd7 40.
Kf7 Kd8 41. Rd5+ Kc7 42. Ke7 Kc8 43. Rd8+ Kc7 44. Rd7+ Kc8 45. Rd6 Rb7+ 46.
Kxf6 Rc7 47. Kxe5 Rc2 48. Rd5 Rxb2 49. Rxb5 1-0

[Event "ONJK 2017 D"]
[Site "Borne"]
[Date "2017.08.07"]
[Round "1.3"]
[White "Molanus, Eva"]
[Black "De Vries, Fabian"]
[Result "0-1"]
[WhiteElo "892"]
[BlackElo "1454"]
[PlyCount "74"]
[EventDate "2017.08.??"]

1. e4 c6 2. d4 d5 3. e5 Bf5 4. Nc3 e6 5. Nf3 c5 6. dxc5 Bxc5 7. Na4 Be7 8. c4
Nc6 9. cxd5 exd5 10. Nd4 Bg6 11. Bb5 Qc7 12. Nc3 Qxe5+ 13. Nce2 Qc7 14. Qa4 Rc8
15. Bf4 Qb6 16. Rc1 Bc5 17. O-O Nge7 18. b4 Bxd4 19. Nxd4 Qxd4 20. Bd6 O-O 21.
Bc5 Qf6 22. Rfe1 Rfe8 23. Bxa7 Ra8 24. Bxc6 Nxc6 25. Rxe8+ Rxe8 26. Be3 d4 27.
Bd2 d3 28. Qa3 Qe7 29. Rd1 Qe2 30. Qa4 Nd4 31. Be3 Rxe3 32. fxe3 Qxe3+ 33. Kh1
h6 34. Qa3 Qe2 35. Qc1 Be4 36. Rd2 Bxg2+ 37. Kg1 Nf3# 0-1

[Event "ONJK 2017 D"]
[Site "Borne"]
[Date "2017.08.07"]
[Round "1.4"]
[White "Naessens, Wolf"]
[Black "Le Cessie, David"]
[Result "1-0"]
[WhiteElo "1453"]
[BlackElo "831"]
[PlyCount "45"]
[EventDate "2017.08.??"]

1. e4 c5 2. Nf3 Nc6 3. d4 cxd4 4. Nxd4 Nf6 5. Nc3 e6 6. Be2 g6 7. O-O Bg7 8.
Nf3 Qc7 9. h3 a6 10. Bg5 O-O 11. Qd2 b5 12. a3 Bb7 13. Rad1 Rad8 14. Qd6 Qxd6
15. Rxd6 e5 16. Bxf6 Bxf6 17. Rxf6 Ne7 18. Rd6 Nc8 19. Rd2 Rfe8 20. Rfd1 Bc6
21. Nd5 Re6 22. Ng5 Rd6 23. Ne7+ 1-0

[Event "ONJK 2017 D"]
[Site "Borne"]
[Date "2017.08.07"]
[Round "1.5"]
[White "Groen, Jari"]
[Black "Malfliet, Alexander"]
[Result "1-0"]
[WhiteElo "820"]
[BlackElo "1445"]
[PlyCount "121"]
[EventDate "2017.08.??"]

1. d4 d5 2. c4 e6 3. Nc3 Nc6 4. Nf3 Nf6 5. Bg5 Be7 6. e3 O-O 7. Bd3 Nb4 8. a3
Nxd3+ 9. Qxd3 h6 10. Bh4 Bd7 11. Bxf6 Bxf6 12. cxd5 exd5 13. Nxd5 a6 14. Nc3
Qe7 15. Rc1 Rac8 16. Kd2 Bg4 17. Rc2 c5 18. Re1 c4 19. Qe2 Qc7 20. g3 Qc6 21.
Ne5 Bxe5 22. Qxg4 Rfd8 23. Kc1 Bf6 24. Rd1 Qg2 25. h4 Qc6 26. Qe4 Qc7 27. Ne2
Re8 28. Qf3 b5 29. Qf4 Qc6 30. b3 Qb6 31. bxc4 Rxc4 32. Rxc4 bxc4 33. Rd2 Rb8
34. Qe4 Be7 35. a4 f5 36. Qc2 Ba3+ 37. Kd1 Qb1+ 38. Nc1 Rb2 39. Qxb1 Rxb1 40.
Rc2 Kf7 41. Rxc4 Kg6 42. d5 Kf6 43. Rc3 Bb2 44. Rc6+ Ke7 45. Kd2 Bxc1+ 46. Rxc1
Rxc1 47. Kxc1 Kd6 48. Kc2 Kxd5 49. Kd3 a5 50. f3 g6 51. e4+ fxe4+ 52. fxe4+ Kc5
53. Ke3 Kb4 54. e5 Kc5 55. Kf4 Kd5 56. h5 g5+ 57. Kf5 g4 58. e6 Kd6 59. Kf6 Kc5
60. e7 Kb4 61. e8=Q 1-0

[Event "ONJK 2017 D"]
[Site "Borne"]
[Date "2017.07.08"]
[Round "1.6"]
[White "Debunne, Lasse"]
[Black "Kooistra, Marthijn"]
[Result "0-1"]
[WhiteElo "1184"]
[BlackElo "644"]
[PlyCount "68"]
[EventDate "2017.08.??"]

1. e4 e5 2. Nf3 Nc6 3. Bc4 Bc5 4. c3 h6 5. d3 d6 6. h3 Bd7 7. Nbd2 Nf6 8. O-O
Qe7 9. Re1 O-O-O 10. Bb3 a6 11. Nf1 Rhg8 12. Bc2 g5 13. d4 Ba7 14. Ng3 g4 15.
Nh4 gxh3 16. Qf3 exd4 17. Nhf5 Qf8 18. Bxh6 Qe8 19. Bg7 Ne5 20. Ne7+ Qxe7 21.
Qxf6 Qxf6 22. Bxf6 Rde8 23. f4 d3+ 24. Kh1 dxc2 25. fxe5 dxe5 26. Rac1 Rxg3 27.
Rxc2 Rg6 28. Bh4 Rh8 29. g3 Bc6 30. Rd2 Rhg8 31. Red1 Bxe4+ 32. Kh2 b5 33. Kxh3
b4 34. Re2 Bf3 0-1

[Event "ONJK 2017 D"]
[Site "Borne"]
[Date "2017.07.08"]
[Round "1.7"]
[White "Kanno, Clara Yumi"]
[Black "Honkoop, Stella"]
[Result "0-1"]
[WhiteElo "800"]
[BlackElo "1402"]
[PlyCount "49"]
[EventDate "2017.08.??"]

1. e4 d6 2. Nf3 Nf6 3. Nc3 e5 4. h3 Be7 5. Bc4 Nbd7 6. d3 c6 7. O-O h6 8. Be3
g5 9. Re1 Qc7 10. Qd2 Nf8 11. Ne2 Ng6 12. Qc3 Nf4 13. Bxf4 gxf4 14. Qb3 Bf8 15.
Nd2 Rg8 16. d4 Bxh3 17. Qxh3 Ng4 18. dxe5 dxe5 19. Rad1 Bc5 20. Rf1 Qd6 21. Qf3
Rd8 22. b3 h5 23. c3 a5 24. a3 Bxa3 25. Nb1 {... [108]} 0-1

[Event "ONJK 2017 D"]
[Site "Borne"]
[Date "2017.07.08"]
[Round "1.9"]
[White "Nowak, Julien"]
[Black "D'Haenens, Leon"]
[Result "0-1"]
[WhiteElo "765"]
[BlackElo "1407"]
[PlyCount "78"]
[EventDate "2017.08.??"]

1. e4 e6 2. Nf3 c5 3. Nc3 Nc6 4. Bc4 g6 5. d3 Bg7 6. Bg5 Nge7 7. Bf4 a6 8. O-O
O-O 9. Bd6 b5 10. Bb3 Qb6 11. e5 Re8 12. h3 Nf5 13. Ne4 Nxd6 14. Nxd6 Rd8 15.
Ng5 Nxe5 16. Nde4 Bb7 17. Qe1 h6 18. Nf3 Nxf3+ 19. gxf3 d5 20. Nd2 c4 21. dxc4
dxc4 22. Nxc4 bxc4 23. Bxc4 Qxb2 24. Rb1 Qxc2 25. Rc1 Qf5 26. Qd1 Rxd1 27.
Rfxd1 Qxf3 28. Kf1 Qh1+ 29. Ke2 Bf3+ 30. Kd2 Rd8+ 31. Bd3 Rxd3+ 32. Kxd3 Bxd1
33. Kd2 Qd5+ 34. Ke1 Bf3 35. a3 Bc3+ 36. Kf1 Bh1 37. a4 Qd3+ 38. Kg1 Qxh3 39.
Rxc3 Qg2# 0-1

[Event "ONJK 2017 D"]
[Site "Borne"]
[Date "2017.07.08"]
[Round "1.10"]
[White "Muntean, Felix"]
[Black "Maes, Zayd"]
[Result "1/2-1/2"]
[WhiteElo "1335"]
[BlackElo "759"]
[PlyCount "105"]
[EventDate "2017.08.??"]

1. e4 c5 2. c3 d6 3. d4 cxd4 4. cxd4 Nf6 5. Nc3 e6 6. Bg5 Be7 7. Qd2 h6 8. Bxf6
Bxf6 9. d5 exd5 10. Nxd5 Nc6 11. Bb5 Bd7 12. Qf4 Bxb2 13. Qxd6 Rc8 14. Rb1 Be5
15. Qa3 Nd4 16. Bxd7+ Qxd7 17. Qxa7 Qc6 18. Qxb7 Nc2+ 19. Kd2 Bf4+ 20. Kd1 Ne3+
21. fxe3 Qc2+ 22. Ke1 Bd6 23. e5 Ba3 24. Ne2 O-O 25. Qa6 Qxb1+ 26. Kf2 Qxh1 27.
Qxa3 Ra8 28. Ne7+ Kh7 29. Qd3+ Kh8 30. Kg3 Qe1+ 31. Kh3 g5 32. Ng3 Qb4 33. Ngf5
Ra7 34. Nc6 Qa3 35. Qf1 Rc7 36. Nfe7 Qxe3+ 37. g3 g4+ 38. Kxg4 Qg5+ 39. Kh3
Rxe7 40. Nxe7 Qxe7 41. Qf4 Qg5 42. Qd4 h5 43. e6+ Qg7 44. Qd5 fxe6 45. Qxe6 Rg8
46. Kg2 h4 47. Qh3 Qh7 48. Qe6 Qc2+ 49. Kh3 hxg3 50. hxg3 Qh7+ 51. Kg2 Qg7 52.
Qh3+ Qh7 53. Qe6 1/2-1/2

[Event "ONJK 2017 D"]
[Site "Borne"]
[Date "2017.07.08"]
[Round "1.11"]
[White "Van der Noordaa, Niek"]
[Black "Heskes, Lise"]
[Result "0-1"]
[WhiteElo "759"]
[BlackElo "1310"]
[PlyCount "56"]
[EventDate "2017.08.??"]

1. e4 c6 2. d3 d5 3. exd5 cxd5 4. Nf3 Bf5 5. c3 Nc6 6. Bf4 e6 7. Nbd2 Nf6 8. d4
a6 9. c4 Qb6 10. Nb3 Bb4+ 11. Bd2 Bxd2+ 12. Qxd2 Ne4 13. Qe3 Qb4+ 14. Kd1 dxc4
15. Nbd2 Qxb2 16. Rc1 Nxd2 17. Nxd2 Qxd4 18. Qxd4 Nxd4 19. Rxc4 Nb5 20. g3 O-O
21. Bg2 Nd6 22. Rd4 Rfd8 23. Re1 Rab8 24. g4 Bg6 25. Re5 b5 26. Nb3 Nc4 27.
Rxd8+ Rxd8+ 28. Ke1 Nxe5 0-1

[Event "ONJK 2017 D"]
[Site "Borne"]
[Date "2017.08.08"]
[Round "2.1"]
[White "De Rycke, Tyani"]
[Black "Bogouslavskii, Veronique"]
[Result "1-0"]
[WhiteElo "1603"]
[BlackElo "1111"]
[PlyCount "123"]
[EventDate "2017.08.??"]

1. e4 e5 2. Nf3 Nc6 3. Bc4 Be7 4. d3 d6 5. h3 Nf6 6. Be3 Be6 7. Bb3 Na5 8. Ng5
Nxb3 9. Nxe6 fxe6 10. axb3 a6 11. Nd2 d5 12. Bg5 O-O 13. Bxf6 Bxf6 14. Qg4 Qe7
15. O-O Rae8 16. Qe2 c6 17. Nb1 Qd6 18. Nc3 Rf7 19. Nd1 d4 20. f3 Bg5 21. Nf2
Be3 22. Kh1 c5 23. Ng4 Bf4 24. Ra5 Ra8 25. Rfa1 Qb6 26. Qe1 Qd6 27. R1a4 Bg5
28. Ra1 Bf4 29. R5a4 b5 30. Ra5 Rfa7 31. R5a2 Rf8 32. Ra5 Rfa8 33. R5a2 Rf8 34.
Qa5 Rfa8 35. Qe1 Rf8 36. Ra5 Rfa8 37. R1a2 Rf8 38. Rxb5 Rb8 39. Rxb8+ Qxb8 40.
Qa5 Qc8 41. Qb6 Ra8 42. Ra5 h5 43. Rxc5 Qd7 44. Nxe5 Bxe5 45. Rxe5 Kf7 46. Rxh5
Rc8 47. Rc5 Rxc5 48. Qxc5 g6 49. Qc4 Qd6 50. b4 Qb6 51. Qc5 Qxc5 52. bxc5 Ke7
53. Kh2 e5 54. Kg3 a5 55. Kg4 Kd7 56. Kg5 Kc6 57. Kxg6 Kxc5 58. h4 Kb4 59. h5
a4 60. h6 a3 61. bxa3+ Kxa3 62. h7 1-0

[Event "ONJK 2017 D"]
[Site "Borne"]
[Date "2017.08.08"]
[Round "2.2"]
[White "Tiggelman, Vincent"]
[Black "Casur, Jan"]
[Result "0-1"]
[WhiteElo "1091"]
[BlackElo "1526"]
[PlyCount "63"]
[EventDate "2017.08.??"]

1. e4 e5 2. Bc4 Nf6 3. Nc3 Nxe4 4. Bxf7+ Kxf7 5. Nxe4 d5 6. Nc3 c6 7. d3 g6 8.
Nf3 Bd6 9. Ng5+ Kg7 10. O-O h6 11. Nf3 Bg4 12. h3 Bf5 13. Re1 Nd7 14. Bd2 Qf6
15. a3 Raf8 16. Re2 Bxh3 17. gxh3 Qxf3 18. Qf1 Qh5 19. Rae1 Rf3 20. Re3 Rhf8
21. Rxf3 Rxf3 22. Re3 Rxe3 23. fxe3 Qf5 24. Qxf5 gxf5 25. Kg2 Kg6 26. Kf3 Kh5
27. e4 dxe4+ 28. dxe4 f4 29. Be1 Nb6 30. Bf2 Nc4 31. Nd1 a6 32. Kg2 0-1

[Event "ONJK 2017 D"]
[Site "Borne"]
[Date "2017.08.08"]
[Round "2.3"]
[White "De Vries, Fabian"]
[Black "Goudriaan, Rafael"]
[Result "0-1"]
[WhiteElo "1454"]
[BlackElo "1091"]
[PlyCount "75"]
[EventDate "2017.08.??"]

1. Nf3 d5 2. g3 Nc6 3. d4 Nf6 4. Bg2 e6 5. O-O Bd6 6. c4 b6 7. Qc2 Nb4 8. Qb3
dxc4 9. Qxc4 Ba6 10. Qb3 Bxe2 11. Re1 Ba6 12. a3 Nd3 13. Qa4+ Qd7 14. Qxa6 Nxe1
15. Nxe1 c6 16. Qe2 Rc8 17. Nf3 O-O 18. Nc3 c5 19. dxc5 Bxc5 20. Be3 Nd5 21.
Bxc5 Nxc3 22. bxc3 Rxc5 23. c4 Rd8 24. Bf1 Rdc8 25. Rd1 Qe7 26. Qc2 Ra5 27. a4
Qe8 28. Ra1 b5 29. Qd2 Rxa4 30. Rxa4 bxa4 31. Qa2 Qc6 32. Nd4 Qc5 33. Nb5 a6
34. Nc3 a3 35. Nb1 h6 36. Qxa3 Rc6 37. Qxc5 Rxc5 38. Kg2 0-1

[Event "ONJK 2017 D"]
[Site "Borne"]
[Date "2017.08.08"]
[Round "2.4"]
[White "Krohmer, Eric"]
[Black "Naessens, Wolf"]
[Result "1-0"]
[WhiteElo "1055"]
[BlackElo "1453"]
[PlyCount "27"]
[EventDate "2017.08.??"]

1. e4 e5 2. f4 Bc5 3. Nf3 Nc6 4. Bc4 d6 5. Nc3 Nge7 6. d3 a6 7. Bd2 Bd7 8. Qe2
Bg4 9. Bxf7+ Kf8 10. Bc4 Nd4 11. Nxd4 Bxe2 12. Ne6+ Ke8 13. Nxd8 Rxd8 14. Kxe2
1-0

[Event "ONJK 2017 D"]
[Site "Borne"]
[Date "2017.08.08"]
[Round "2.5"]
[White "D'Haenens, Leon"]
[Black "Maris, Evi"]
[Result "0-1"]
[WhiteElo "1407"]
[BlackElo "1037"]
[PlyCount "102"]
[EventDate "2017.08.??"]

1. c4 e5 2. Nc3 Nf6 3. g3 d5 4. cxd5 Nxd5 5. Bg2 Nxc3 6. bxc3 Nc6 7. e3 Bf5 8.
d4 exd4 9. cxd4 Nb4 10. e4 Bg6 11. a3 Nc6 12. Ne2 Qe7 13. f3 b5 14. O-O Rd8 15.
Be3 Qd7 16. d5 Ne5 17. Bf2 a5 18. a4 b4 19. Nd4 Bc5 20. Nb5 Bxf2+ 21. Rxf2 c6
22. Nd4 cxd5 23. Nb3 Qe6 24. Rd2 O-O {Diagram #} 25. f4 Nc4 26. f5 Qb6+ 27. Kh1
(27. Rd4) 27... Nxd2 28. Qxd2 dxe4 29. Qf4 Bh5 30. g4 Bxg4 31. Qxg4 e3 32. Qe2
Rfe8 33. Rc1 Qd6 34. Bf1 Qd5+ 35. Bg2 Qxb3 36. f6 g6 37. Rf1 Qe6 38. Qf3 e2 39.
Re1 Qe3 40. Qg4 Qf2 41. Qg3 Qxg3 42. hxg3 Rd1 43. Rxd1 exd1=Q+ 44. Kh2 Qh5+ 45.
Kg1 Re1+ 46. Bf1 Qf3 47. Kh2 Qxf1 48. g4 Re2+ 49. Kg3 Qg2+ 50. Kh4 Qh2+ 51. Kg5
Re5# 0-1

[Event "ONJK 2017 D"]
[Site "Borne"]
[Date "2017.08.08"]
[Round "2.6"]
[White "Honkoop, Stella"]
[Black "Westerhof, Jannes"]
[Result "1/2-1/2"]
[WhiteElo "1402"]
[BlackElo "1085"]
[PlyCount "74"]
[EventDate "2017.08.??"]

1. e4 c6 2. Nf3 d5 3. exd5 cxd5 4. d4 Nc6 5. Nc3 Nf6 6. Be2 e6 7. h3 Bb4 8. Bd2
O-O 9. O-O Bd7 10. a3 Ba5 11. Bd3 Bb6 12. Be3 Rc8 13. Re1 Re8 14. Bb5 a6 15.
Bxc6 Bxc6 16. Ne5 Bc7 17. Nxc6 bxc6 18. f3 Qd6 19. f4 Rb8 20. b3 g6 21. Rf1 Nh5
22. Qf3 Ng7 23. Ne2 Nf5 24. Qf2 Nxe3 25. Qxe3 a5 26. Qd2 c5 27. dxc5 Qxc5+ 28.
Kh1 Red8 29. Qc3 Qxc3 30. Nxc3 Rbc8 31. Ne2 Bd6 32. Ra2 Rc7 33. Nd4 Rb8 34. a4
Rc5 35. Nb5 Bc7 36. c3 Kg7 37. Re2 Rb7 1/2-1/2

[Event "ONJK 2017 D"]
[Site "Borne"]
[Date "2017.08.08"]
[Round "2.7"]
[White "Molanus, Florian"]
[Black "Arnold, Lorin"]
[Result "0-1"]
[WhiteElo "1034"]
[BlackElo "1377"]
[PlyCount "68"]
[EventDate "2017.08.??"]

1. e4 c5 2. Nf3 Nc6 3. Bc4 e6 4. Nc3 Nf6 5. e5 Ng4 6. Qe2 d5 7. exd6 Bxd6 8. h3
Nge5 9. Nxe5 Nxe5 10. Bb5+ Bd7 11. Bxd7+ Qxd7 12. O-O O-O 13. Ne4 Bc7 14. Nxc5
Qc6 15. d4 Rad8 16. Nb3 Ng6 17. Bd2 Qd6 18. g3 f5 19. a3 Qd5 20. c4 Qc6 21.
Rfe1 Rde8 22. Nc5 e5 23. d5 Qxc5 24. Bb4 Qb6 25. Bxf8 Rxf8 26. b4 Qf6 27. h4 e4
28. Qe3 f4 29. Qxa7 Ne5 30. Kh1 Qf5 31. f3 Qh3+ 32. Kg1 Nxf3+ 33. Kf2 Qh2+ 34.
Kf1 Nd2# 0-1

[Event "ONJK 2017 D"]
[Site "Borne"]
[Date "2017.08.08"]
[Round "2.8"]
[White "Heskes, Lise"]
[Black "Ang, Rufus"]
[Result "1/2-1/2"]
[WhiteElo "1310"]
[BlackElo "1009"]
[PlyCount "128"]
[EventDate "2017.08.??"]

1. e4 e5 2. f4 Nc6 3. Nf3 d6 4. Bb5 Bd7 5. O-O g6 6. d3 Bg7 7. Nc3 a6 8. Ba4 b5
9. Bb3 Nh6 10. fxe5 dxe5 11. Bd5 O-O 12. Bg5 Qe8 13. h3 Kh8 14. Qd2 Ng8 15. Be3
Nge7 16. Bb3 f5 17. Ng5 h6 18. Ne6 Bxe6 19. Bxe6 f4 20. Bc5 Rf6 21. Bd5 Nxd5
22. Nxd5 Rf7 23. c3 Bf8 24. Bxf8 Qxf8 25. Rf3 Qc5+ 26. Qf2 Qxf2+ 27. Rxf2 Rc8
28. h4 Ne7 29. Nxe7 Rxe7 30. g3 Rf7 31. gxf4 Rxf4 32. Rxf4 exf4 33. Rf1 g5 34.
hxg5 hxg5 35. d4 Re8 36. e5 c6 37. Kg2 Kg7 38. Rh1 a5 39. Kf3 Kg6 40. b3 Kf5
41. Rh5 Rd8 42. Rh1 c5 43. Rd1 cxd4 44. Rxd4 g4+ 45. Kf2 g3+ 46. Kf3 Rc8 47. c4
bxc4 48. bxc4 Rg8 49. Rxf4+ Kxe5 50. Re4+ Kd6 51. Kg2 Kc5 52. a3 Rg6 53. Rf4
Kd6 54. Rf5 Kc6 55. Rxa5 Kb6 56. Rb5+ Ka6 57. Rb3 Rg4 58. Rc3 Ka5 59. c5 Rg7
60. a4 Kxa4 61. c6 Rc7 62. Kxg3 Kb5 63. Kf4 Rxc6 64. Rxc6 Kxc6 1/2-1/2

[Event "ONJK 2017 D"]
[Site "Borne"]
[Date "2017.08.08"]
[Round "2.9"]
[White "Knol, Daniel"]
[Black "Slagboom, Leandro"]
[Result "0-1"]
[WhiteElo "1008"]
[BlackElo "1308"]
[PlyCount "80"]
[EventDate "2017.08.??"]

1. e4 b6 2. Nf3 Bb7 3. Nc3 e6 4. d3 Be7 5. Bf4 Nf6 6. Be2 d5 7. e5 Nfd7 8. d4
a6 9. a3 c5 10. Be3 Nc6 11. Na2 Qc7 12. c3 Rb8 13. Nc1 c4 14. O-O b5 15. b4 a5
16. Qd2 h6 17. h3 Nb6 18. Qb2 axb4 19. axb4 Na4 20. Qd2 Kd7 21. Bd1 Nb6 22. Nh2
Ra8 23. Qb2 Rxa1 24. Qxa1 Ra8 25. Qb2 Na4 26. Bxa4 Rxa4 27. f4 Nxb4 28. cxb4
Rxb4 29. Qf2 c3 30. Nd3 Rc4 31. Rc1 b4 32. Nc5+ Bxc5 33. dxc5 b3 34. Qe1 c2 35.
Nf1 b2 36. Nd2 bxc1=Q 37. Qxc1 Rxc5 38. Bxc5 Qxc5+ 39. Kf1 Ba6+ 40. Nc4 Qxc4+
0-1

[Event "ONJK 2017 D"]
[Site "Borne"]
[Date "2017.08.08"]
[Round "2.10"]
[White "Velasco, Kathleen"]
[Black "Cordes, Jule"]
[Result "1/2-1/2"]
[WhiteElo "1232"]
[BlackElo "955"]
[PlyCount "120"]
[EventDate "2017.08.??"]

1. e4 e5 2. Nf3 Nc6 3. Bc4 Bc5 4. c3 Nf6 5. d4 exd4 6. cxd4 Bb4+ 7. Bd2 Bxd2+
8. Nbxd2 d6 9. O-O O-O 10. Qc2 Bg4 11. h3 Bh5 12. a3 Re8 13. Bd3 Qd7 14. Rac1
Rac8 15. Rfe1 Ne7 16. e5 dxe5 17. dxe5 Nfd5 18. Bxh7+ Kf8 19. Be4 c6 20. Nc4
Red8 21. Nd6 Rc7 22. Bxd5 Nxd5 23. Qf5 Qxf5 24. Nxf5 Bxf3 25. gxf3 Nf4 26. Rcd1
Rcd7 27. Rxd7 Rxd7 28. Nd6 Nxh3+ 29. Kg2 Nf4+ 30. Kg3 Nd3 31. Rh1 Kg8 32. Nc4
b5 33. Na5 c5 34. Rd1 Nxe5 35. Rxd7 Nxd7 36. Nc6 a6 37. f4 Nb6 38. b3 Kf8 39.
Kf3 Ke8 40. Ke4 Kd7 41. Nb8+ Kd6 42. Nxa6 c4 43. Kd4 cxb3 44. Kc3 b2 45. Kxb2
Nc4+ 46. Kb3 Na5+ 47. Kc3 Nc6 48. Kd3 Kd5 49. Nc7+ Kc5 50. Ne8 g6 51. Nf6 b4
52. axb4+ Nxb4+ 53. Ke4 Kd6 54. f5 gxf5+ 55. Kxf5 Nd3 56. f3 Ne1 57. Ne4+ Ke7
58. f4 Nd3 59. Kg5 Nxf4 60. Kxf4 f5 1/2-1/2

[Event "ONJK 2017 D"]
[Site "Borne"]
[Date "2017.08.08"]
[Round "2.11"]
[White "De Jong, Mats"]
[Black "De Putter, Sven"]
[Result "1/2-1/2"]
[WhiteElo "979"]
[BlackElo "1228"]
[PlyCount "57"]
[EventDate "2017.08.??"]

1. d4 d5 2. c4 e6 3. Nc3 Nf6 4. Nf3 c5 5. e3 Nc6 6. Bd3 b6 7. O-O Bd6 8. b3 O-O
9. Bb2 Bb7 10. Qe2 Qe7 11. cxd5 exd5 12. Ba6 Bxa6 13. Qxa6 Nb4 14. Qb5 a6 15.
Qe2 Rfe8 16. Rfe1 Ng4 17. a3 cxd4 18. axb4 dxc3 19. Bxc3 Qc7 20. Qb2 Bxh2+ 21.
Kf1 Be5 22. Nxe5 Nxe5 23. Bxe5 Qxe5 24. Qxe5 Rxe5 25. Rec1 Rh5 26. Rxa6 Rd8 27.
Ke2 g6 28. Rxb6 d4 29. Rd1 1/2-1/2

[Event "ONJK 2017 D"]
[Site "Borne"]
[Date "2017.08.08"]
[Round "2.12"]
[White "Zheng, Jimmy"]
[Black "Groen, Jari"]
[Result "0-1"]
[WhiteElo "1157"]
[BlackElo "820"]
[PlyCount "48"]
[EventDate "2017.08.??"]

1. e4 e5 2. Nf3 Nc6 3. Bc4 Bc5 4. O-O d6 5. Re1 Bg4 6. h3 Bh5 7. d3 Nd4 8. g4
Bg6 9. Nxd4 Bxd4 10. c3 Bb6 11. d4 Qe7 12. Na3 O-O-O 13. Nc2 h5 14. a4 a6 15.
b4 Qh4 16. Kg2 Nf6 17. f3 hxg4 18. hxg4 Qh2+ 19. Kf1 Rh3 20. Bf4 Qxf4 21. Qd3
Nxg4 22. Ke2 Rh2+ 23. Kf1 Rf2+ 24. Kg1 Qh2# 0-1

[Event "ONJK 2017 D"]
[Site "Borne"]
[Date "2017.08.08"]
[Round "2.13"]
[White "Lindenaar, Micha"]
[Black "Warnaar, Tim"]
[Result "0-1"]
[WhiteElo "801"]
[BlackElo "1146"]
[PlyCount "64"]
[EventDate "2017.08.??"]

1. e4 e5 2. Nf3 Nc6 3. Nc3 d6 4. Bc4 Bg4 5. h3 Bh5 6. d3 Nf6 7. Be3 Be7 8. Qd2
Bxf3 9. gxf3 Qd7 10. O-O-O a6 11. Rhg1 g6 12. Bh6 Nd4 13. Qg5 Nxf3 14. Qg3 Nxg1
15. Qxg1 Qxh3 16. Qg5 Nxe4 17. Qe3 Nxf2 18. Rd2 Qh1+ 19. Nd1 Nxd1 20. Rxd1 Qh5
21. Rf1 f6 22. Bd5 O-O-O 23. Qa7 Qxh6+ 24. Kb1 c6 25. Be6+ Kc7 26. Bc4 Ra8 27.
Qf2 d5 28. Bb3 b6 29. Qe1 Qh3 30. a4 Bb4 31. Qd1 f5 32. Rf3 Qg4 0-1

[Event "ONJK 2017 D"]
[Site "Borne"]
[Date "2017.08.08"]
[Round "2.14"]
[White "Adema, Wessel"]
[Black "Waersegers, Mats"]
[Result "1-0"]
[WhiteElo "1138"]
[BlackElo "650"]
[PlyCount "77"]
[EventDate "2017.08.??"]

1. d4 d5 2. c4 c6 3. Nc3 dxc4 4. e4 f6 5. Bxc4 e5 6. Nf3 Ne7 7. dxe5 Qxd1+ 8.
Nxd1 Ng6 9. exf6 gxf6 10. O-O Bd7 11. b3 Na6 12. Bb2 Bg7 13. Ne3 b5 14. Bd3 O-O
15. Rfd1 Bg4 16. Be2 Rae8 17. h3 Bxf3 18. Bxf3 f5 19. Bxg7 Kxg7 20. Nxf5+ Kg8
21. Rac1 Nb4 22. a3 Nd5 23. exd5 Rxf5 24. dxc6 Ne7 25. c7 a6 26. Rd8 Rff8 27.
Rxe8 Rxe8 28. Re1 Kf8 29. Bb7 Nc8 30. Rxe8+ Kxe8 31. Bxc8 Ke7 32. Bg4 Kf6 33.
c8=Q Kg5 34. Qf5+ Kh6 35. Be2 Kg7 36. Bd3 Kg8 37. Qxh7+ Kf8 38. Bg6 b4 39. Qf7#
1-0

[Event "ONJK 2017 D"]
[Site "Borne"]
[Date "2017.08.08"]
[Round "2.15"]
[White "Kooistra, Marthijn"]
[Black "Salomons, Matthijs"]
[Result "0-1"]
[WhiteElo "644"]
[BlackElo "1120"]
[PlyCount "32"]
[EventDate "2017.08.??"]

1. e4 e6 2. Nf3 d5 3. e5 c5 4. d3 Nc6 5. d4 cxd4 6. Nxd4 Nxe5 7. Bf4 Bd6 8. Nc3
Qf6 9. Ndb5 Qxf4 10. Nxd6+ Kd7 11. Nxc8 Kxc8 12. Be2 Nf6 13. g3 Qf5 14. O-O Qh3
15. Re1 Neg4 16. Bf1 Qxh2# 0-1

[Event "ONJK 2017 D"]
[Site "Borne"]
[Date "2017.08.08"]
[Round "3.1"]
[White "Salomons, Matthijs"]
[Black "De Rycke, Tyani"]
[Result "0-1"]
[WhiteElo "1120"]
[BlackElo "1603"]
[PlyCount "108"]
[EventDate "2017.08.??"]

1. d4 d5 2. c4 c6 3. Nc3 Nf6 4. e3 Bf5 5. Bd3 Bg6 6. Nf3 e6 7. Bxg6 hxg6 8. Ne5
Nbd7 9. Qb3 Qc7 10. Nxd7 Nxd7 11. g3 Nf6 12. Bd2 Ng4 13. Ne2 Rxh2 14. Rxh2 Nxh2
15. O-O-O Nf3 16. Bb4 Bxb4 17. Qxb4 a5 18. Qa3 dxc4 19. Rh1 O-O-O 20. Qc3 b5
21. a4 Ng5 22. Qc2 f5 23. Nf4 Qf7 24. Qc3 Qc7 25. Nxg6 Ne4 26. Qc2 Qd6 27. Ne5
Qc7 28. b3 cxb3 29. Qxb3 Nxf2 30. Qxe6+ Kb7 31. Rh2 Ng4 32. Nxg4 fxg4 33. axb5
cxb5+ 34. Rc2 Qd7 35. Qe4+ Ka7 36. Ra2 Qc7+ 37. Rc2 Qd7 38. Qe5 Rc8 39. Rxc8
Qxc8+ 40. Kb2 Qd7 41. d5 Kb7 42. e4 a4 43. Ka3 g6 44. d6 Qc6 45. Qe7+ Ka6 46.
Qc7 Qxc7 47. dxc7 Kb7 48. Kb4 Kxc7 49. Kc5 a3 50. Kd5 Kd7 51. Ke5 Ke7 52. Kd5
a2 53. e5 a1=Q 54. Ke4 Ke6 0-1

[Event "ONJK 2017 D"]
[Site "Borne"]
[Date "2017.08.08"]
[Round "3.2"]
[White "Casur, Jan"]
[Black "Adema, Wessel"]
[Result "1-0"]
[WhiteElo "1526"]
[BlackElo "1138"]
[PlyCount "94"]
[EventDate "2017.08.??"]

1. e4 c5 2. Nf3 d6 3. d3 Nf6 4. g3 Nc6 5. Bg2 g6 6. O-O Bg7 7. Nbd2 O-O 8. Re1
Bg4 9. h3 Be6 10. Nf1 Qd7 11. Ng5 b5 12. Nxe6 Qxe6 13. f4 a5 14. g4 Nd7 15. f5
Qe5 16. Rb1 Nb6 17. c3 b4 18. c4 Nd4 19. Be3 Rfb8 20. b3 a4 21. Qc1 Ra7 22. Bf4
Ne2+ 23. Rxe2 Qd4+ 24. Re3 axb3 25. axb3 Qc3 26. Qxc3 Bxc3 27. Re2 Rba8 28. Rc2
Ra2 29. Rxa2 Rxa2 30. Ne3 Bd4 31. Kh2 Re2 32. Nd5 Nxd5 33. exd5 Rf2 34. Kg3 Kg7
35. Be4 Re2 36. fxg6 hxg6 37. h4 Bf2+ 38. Kf3 Ra2 39. h5 Bd4 40. Be3 Be5 41.
Bg5 f6 42. Bf4 Bd4 43. Be3 Be5 44. Bxg6 Rh2 45. Bf4 Rh3+ 46. Kg2 Rxd3 47. Bxd3
Bxf4 1-0

[Event "ONJK 2017 D"]
[Site "Borne"]
[Date "2017.08.08"]
[Round "3.3"]
[White "Arnold, Lorin"]
[Black "Goudriaan, Rafael"]
[Result "0-1"]
[WhiteElo "1377"]
[BlackElo "1091"]
[PlyCount "54"]
[EventDate "2017.08.??"]

1. e4 e6 2. b3 d5 3. Bb2 c5 4. exd5 exd5 5. Nf3 Nf6 6. Be2 g6 7. O-O Bg7 8. d4
cxd4 9. Nxd4 O-O 10. Nc3 Nc6 11. Ba3 Re8 12. Bb5 Bd7 13. Nxc6 Bxc6 14. Bxc6
bxc6 15. Qf3 Ne4 16. Bb2 Qa5 17. Nxe4 dxe4 18. Qe3 Bxb2 19. Rab1 Bg7 20. f3 Qb4
21. Rbd1 Rad8 22. c4 c5 23. Rxd8 Rxd8 24. Qxe4 Bd4+ 25. Kh1 Qd2 26. Qe7 Be3 27.
Qxa7 Qd1 0-1